| 000 | 00737nam a2200277Ia 4500 | ||
|---|---|---|---|
| 001 | 3691 | ||
| 005 | 20240113233645.0 | ||
| 007 | ta | ||
| 008 | 180531s 197 ii a g b000 u 465 u | ||
| 020 | _a0-486-67966-7 | ||
| 040 | _aCotton College,Assam | ||
| 041 | _aeng | ||
| 082 |
_a514 _bHe 389 Co |
||
| 100 | _aHenle, Michael . | ||
| 245 | 0 |
_aA Combinatorial Introduction to Topology / _cMichael Henle. _hTextual Documents |
|
| 250 | _a1st ed. / | ||
| 260 |
_aNew York : _bDover Publications Inc. , _cC 1979. |
||
| 300 |
_ax, 310p. : _bill. ; _c23cm . |
||
| 504 | _aIndex | ||
| 653 | _aMathematics | ||
| 653 | _aTopology | ||
| 653 | _aPG-Mathematics | ||
| 942 |
_2ddc _cBK |
||
| 999 |
_c3679 _d3679 |
||